LDR 00915naa#a2200205#i#450# 001 EN\\bibl\126438 005 20260630054331.2 011 ## _a2223-9987 100 ## _a20260629b2026####ek#y0engy0150####ca 102 ## _aRU 200 1# _aImproving Tram Safety Through the Use of Active Safety and Driver Assistance Systems _eJournal article 210 1# _aSaint-Petersburg _cFSBEI HE "Emperor Alexander I St. Petersburg State Transport University" _d2026 215 ## _a11 с. 608 ## _aJournal article _2local 675 ## _aИскусственный интеллект в промышленных системах. Интеллектуальные САПР и АСУ. Интеллектуальные роботы. 004.896 _z 700 #1 _aVorob'ev _gAleksandr Alfeevich 700 #1 _aPerepechenov _gAleksandr Markovich 700 #1 _aKondratyenko _gVladimir Grigor'evich 700 #1 _aMigulin _gNikita Konstantinovich 856 4# _aatjournal.ru _u